Actualités du droit pénal italien (notice n° 1855428)
[ vue normale ]
| 000 -LEADER | |
|---|---|
| fixed length control field | 01853cam a2200169 4500500 |
| 005 - DATE AND TIME OF LATEST TRANSACTION | |
| control field | 20260329010739.0 |
| 041 ## - LANGUAGE CODE | |
| Language code of text/sound track or separate title | fre |
| 042 ## - AUTHENTICATION CODE | |
| Authentication code | dc |
| 100 10 - MAIN ENTRY--PERSONAL NAME | |
| Personal name | Sotis, Carlo |
| Relator term | author |
| 245 00 - TITLE STATEMENT | |
| Title | Actualités du droit pénal italien |
| 260 ## - PUBLICATION, DISTRIBUTION, ETC. | |
| Date of publication, distribution, etc. | 2018.<br/> |
| 500 ## - GENERAL NOTE | |
| General note | 33 |
| 520 ## - SUMMARY, ETC. | |
| Summary, etc. | La Chambre criminelle de la Cour de cassation a récemment affirmé à plusieurs reprises que « des faits qui procèdent de manière indissociable d'une action unique caractérisée par une seule intention coupable ne peuvent donner lieu, contre le même prévenu, à deux déclarations de culpabilité de nature pénale, fussent-elles concomitantes ». Cette solution, qui vient compliquer encore un peu plus la résolution des concours idéaux de qualifications, est l'occasion de revenir sur la pertinence du principe d'unicité de qualification des faits en matière pénale et de s'interroger, entre autres, sur son rapport réel ou supposé au principe non bis in idem. |
| 520 ## - SUMMARY, ETC. | |
| Summary, etc. | The Cour de Cassation's Criminal Chamber has recently stated in several cases that « facts which proceed inseparably from a single action characterized by a single guilty intention cannot give rise, against the same accused, to two convictions of criminal nature, even if they are concomitant ». Such a solution complicates the resolution of ideal qualifications competitions, which has never been clearcut under French criminal law. It is also the opportunity to look back at the relevance of the principle of unicity of qualification of the facts and to question its alleged relation to the ne bis in idem principle. |
| 786 0# - DATA SOURCE ENTRY | |
| Note | Revue de science criminelle et de droit pénal comparé | 2 | 2 | 2018-04-01 | p. 581-590 | 0035-1733 |
| 856 41 - ELECTRONIC LOCATION AND ACCESS | |
| Uniform Resource Identifier | <a href="https://droit.cairn.info/revue-de-science-criminelle-et-de-droit-penal-compare-2018-2-page-581?lang=fr&redirect-ssocas=7080">https://droit.cairn.info/revue-de-science-criminelle-et-de-droit-penal-compare-2018-2-page-581?lang=fr&redirect-ssocas=7080</a> |
Pas d'exemplaire disponible.




Réseaux sociaux